Normal view
MARC view
Entry Corporate Name
001 - CONTROL NUMBER
- control field: 384532
003 - CONTROL NUMBER IDENTIFIER
- control field: OSt
005 - DATE AND TIME OF LATEST TRANSACTION
- control field: 20220927112905.0
008 - FIXED-LENGTH DATA ELEMENTS
- fixed length control field: 220927|| aca||aabn | a|a d
040 ## - CATALOGING SOURCE
- Original cataloging agency: OSt
- Transcribing agency: OSt
110 ## - HEADING--CORPORATE NAME
- Corporate name or jurisdiction name as entry element: "Tamilnadu, Planning And Development"
670 ## - SOURCE DATA FOUND
- Source citation: Work cat.: (OSt)700916: "Tamilnadu, Planning And Development", Draft annual plan 1980 - 81, 1980
